Sistemas de Ordenamiento: Introducción al Proyecto Arquitectónico /

Salvato in:
Dettagli Bibliografici
Autore principale: White, Edward T. (autor)
Natura: Libro
Lingua:spagnolo
Pubblicazione: México : Trillas, 1991
Soggetti:
Tags: Aggiungi Tag
Nessun Tag, puoi essere il primo ad aggiungerne!!

MARC

LEADER 00000nam^a2200000^a^4500
001 000014293
005 20250521000000.0
009 20260310083935.804
020 |a 968-24-3226-X 
037 |a Acervo ITESO - Biblioteca 
041 |a ESP 
082 |a 720. 28  |b WHI 
100 |a White, Edward T.  |e (autor) 
245 1 0 |a Sistemas de Ordenamiento: Introducción al Proyecto Arquitectónico /  |c E.T. White; tr. por: Federico Patán López. 
264 1 |a México :  |b Trillas,  |c 1991 
300 |a 108 p. 
336 |a texto  |b txt  |2 rdacontenido 
337 |a sin mediación  |b n  |2 rdamedio 
338 |a volumen  |b nc  |2 rdasoporte 
500 |a Traducción de: Ordering Systems: An Introduction to Architectural Design 
649 |a XX 
650 |a Arquitectura 
650 |a Diseño Arquitectónico -  |x Teoría 
910 |a Fondo General 
920 |a Impresos - Libros 
930 |a Colección General 
905 |a 101 
901 |a 0142930100  |b IT1  |c ACC  |i 014293  |u 20250521 
902 |a https://opac.biblio.iteso.mx/vufind/Record/000014293